The Royal Horticultural Society encyclopedia of roses

Bibliographic Details
Main Author: Quest-Ritson, Charles
Corporate Author: Royal Horticultural Society (Great Britain)
Other Authors: Quest-Ritson, Brigid
Format: Book
Published: London : Dorling Kindersley , 2003.
Subjects:

MARC

LEADER 00000cam a2200000 7i4500
001 0000003539
005 20060413.0
020 0 0 |a 0751369764 
090 0 0 |a 635.93373403   |b QUE 
100 1 0 |a Quest-Ritson, Charles. 
245 1 0 |a The Royal Horticultural Society encyclopedia of roses   |c Charles & Brigid Quest-Ritson. 
260 0 0 |a London :   |b Dorling Kindersley ,   |c 2003. 
300 |a 448 p. :   |b col. ill. ;   |c 30 cm. 
650 0 0 |a Roses   |x Encyclopedias. 
700 1 1 |a Quest-Ritson, Brigid. 
710 2 1 |a Royal Horticultural Society (Great Britain) 
999 |a 0000006888   |b Monograph   |c Open Shelf   |e Default branch